| 000 | 00595nam a22001817a 4500 | ||
|---|---|---|---|
| 999 |
_c525855 _d525855 |
||
| 003 | NUST | ||
| 020 | _qPB/K | ||
| 038 | _aFaiza | ||
| 082 |
_a330.95491 _bBUT |
||
| 100 |
_aBut, Nasiruddin _916800 |
||
| 245 |
_aSarmaya Dar Tabqa Pakistan ky Masail aur un ka Hal / _cNasiruddin But |
||
| 260 |
_aLahore : _bDon Books, _c2001. |
||
| 300 | _a114 p. ; | ||
| 880 |
_6100-01\r _aنصیرالدین بٹ |
||
| 880 |
_6245-02\r _aسرمایہ دار طبقہ پاکستان کے مسائل اور اُن کا حل / |
||
| 880 |
_6260-03\r _aلاہور : _bڈان بُکس, _c۲۰۰۱. |
||
| 942 |
_2ddc _cBK |
||